[Event "It (open) St. Petersburg 300"]
[Site "St. Petersburg (Russia)"]
[Date "2003.??.??"]
[EventDate "?"]
[Round "5.19"]
[Result "0-1"]
[White "Tatiana Kosintseva"]
[Black "Alexei Lugovoi"]
[WhiteElo "2449"]
[BlackElo "2553"]
[PlyCount "98"]

1.e4 c5 2.Nf3 d6 3.Nc3 Nf6 4.d4 cd4 5.Qd4 a6 6.Bg5 Nc6 7.Qe3
e6 8.O-O-O Qa5 9.Bf6 gf6 10.Kb1 h5 11.h4 Bd7 12.Nd4 Qc5 13.Na4
Qa7 14.Qd2 b5 15.Nc3 Qb6 16.Nc6 Bc6 17.Qf4 Be7 18.Rh3 Qc5
19.Qe3 Rc8 20.Ne2 Bb7 21.Rd2 Bf8 22.Qc5 dc5 23.Ng3 Bh6 24.Rd1
Bf4 25.f3 Ke7 26.Ne2 Rcd8 27.Rd3 c4 28.Nf4 cd3 29.Bd3 e5
30.Ne2 Rhg8 31.Rh2 Bc8 32.Nc3 Be6 33.b3 Rg6 34.Nd1 f5 35.Ne3
f4 36.Nd1 Rdg8 37.Bf1 f5 38.Nf2 fe4 39.Ne4 Bf5 40.Nc5 Rd8
41.Bd3 Bd3 42.Nd3 Kf6 43.Kc1 Kf5 44.Kd2 e4 45.fe4+ Ke4 46.Ke1
Ke3 47.Ne5 Rg3 48.Nf3 Rd5 49.b4 Rd8 0-1

[Event "It (open) St. Petersburg 300"]
[Site "St. Petersburg (Russia)"]
[Date "2003.??.??"]
[EventDate "?"]
[Round "6.42"]
[Result "0-1"]
[White "Iokhan Doukhine"]
[Black "Tatiana Kosintseva"]
[WhiteElo "2315"]
[BlackElo "2449"]
[PlyCount "136"]

1.e4 c5 2.Nf3 d6 3.d4 cd4 4.Qd4 a6 5.Be3 Nf6 6.Nc3 Nbd7
7.O-O-O e6 8.e5 de5 9.Ne5 Be7 10.Bg5 O-O 11.Qa4 Qe8 12.Bf6 Nf6
13.Bb5 ab5 14.Qa8 b4 15.Ne2 Qb5 16.Nd3 e5 17.Qb8 Bg4 18.Qe5
Qe5 19.Ne5 Be2 20.Rde1 Bb5 21.Ng6 hg6 22.Re7 Bc6 23.f3 Ra8
24.Rd1 Kf8 25.Re5 Ra2 26.Rd8+ Ne8 27.Kb1 Ra6 28.b3 f6 29.Rc5
Ke7 30.Rd4 Rb6 31.Rcc4 Nc7 32.Rb4 Ra6 33.Rd2 Nb5 34.Kb2 Ra8
35.Rg4 Kf7 36.c4 Nc7 37.Rgd4 Ne6 38.Rd6 g5 39.h3 Ke7 40.R6d3
Rc8 41.Re3 Kf7 42.Kc3 Ra8 43.Re1 Nc5 44.Red1 Kg6 45.Rd6 Kf7
46.R6d2 Ne6 47.Re1 Nf4 48.Kb4 Rc8 49.Ka5 Ne6 50.Kb4 Nf8
51.Red1 Ng6 52.Ka5 Ra8+ 53.Kb4 Re8 54.Ka5 Nf4 55.Kb6 Ra8
56.Kc5 Ra5+ 57.Kd4 Ng2 58.Rg2 Bf3 59.Rgg1 Bd1 60.Rd1 Ke6
61.Rd3 Re5 62.b4 f5 63.Ra3 Re4+ 64.Kc5 f4 65.b5 b6+ 66.Kb4 Kf5
67.Ra7 Re6 68.Rf7+ Kg6 0-1

[Event "It (open) St. Petersburg 300"]
[Site "St. Petersburg (Russia)"]
[Date "2003.??.??"]
[EventDate "?"]
[Round "7.26"]
[Result "0-1"]
[White "Tatiana Kosintseva"]
[Black "Vadim Malakhatko"]
[WhiteElo "2449"]
[BlackElo "2529"]
[PlyCount "90"]

1.e4 e6 2.d4 d5 3.Nc3 Nf6 4.e5 Nfd7 5.f4 c5 6.Nf3 Nc6 7.Ne2
Rb8 8.g3 b5 9.Bh3 g6 10.O-O b4 11.Be3 Ba6 12.Rf2 Be2 13.Re2
cd4 14.Nd4 Nd4 15.Bd4 Bc5 16.Bc5 Nc5 17.Qd4 Qb6 18.a3 a5
19.ab4 ab4 20.b3 O-O 21.Bg2 Rfc8 22.g4 Ra8 23.Ree1 Nd7 24.Qb6
Nb6 25.Ra8 Ra8 26.Kf2 Rc8 27.Re2 Nd7 28.Ke3 g5 29.f5 Rc3+
30.Kd2 Kf8 31.Re1 Ke7 32.Re2 Nb8 33.Re1 Nc6 34.f6+ Kd8 35.Bf1
Nd4 36.Ra1 Nf3+ 37.Kd1 Ne5 38.Ra8+ Kc7 39.Rh8 Rf3 40.Be2 Rh3
41.Rg8 h6 42.Ke1 Rh2 43.Ra8 Kd6 44.Rb8 Kc5 45.Kd2 Ng4 0-1

[Event "It (open) St. Petersburg 300"]
[Site "St. Petersburg (Russia)"]
[Date "2003.??.??"]
[EventDate "?"]
[Round "8.40"]
[Result "1/2-1/2"]
[White "Evgenij Miroshnichenko"]
[Black "Tatiana Kosintseva"]
[WhiteElo "2571"]
[BlackElo "2449"]
[PlyCount "92"]

1.c4 c5 2.Nf3 g6 3.Nc3 Bg7 4.g3 Nc6 5.Bg2 e5 6.a3 a5 7.e3 Nge7
8.d4 ed4 9.ed4 cd4 10.Nb5 O-O 11.O-O Ra6 12.Bf4 d5 13.c5 Bg4
14.Re1 Qd7 15.Bd6 Rc8 16.h3 Bf3 17.Qf3 a4 18.Bf1 Ra5 19.g4 b6
20.Be7 Ne7 21.cb6 Rb8 22.Rac1 Nc6 23.Rc5 Ne5 24.Qf4 g5 25.Qg3
f6 26.Rc7 Qd8 27.Nd4 Rb6 28.Rec1 Ra8 29.Bg2 Bf8 30.Nf5 Rb3
31.R7c3 Rb2 32.Qe3 Rab8 33.Qd4 Rb1 34.Qa4 Rc1+ 35.Rc1 Ra8
36.Qd4 Kh8 37.Qd5 Ba3 38.Qa8 Qa8 39.Ba8 Bc1 40.Bg2 Bb2 41.Be4
Kg8 42.Kg2 Ng6 43.Kf3 Be5 44.Bd5+ Kf8 45.Bc4 Ne7 46.Ne7 Ke7
1/2-1/2

[Event "It (open) St. Petersburg 300"]
[Site "St. Petersburg (Russia)"]
[Date "2003.??.??"]
[EventDate "?"]
[Round "9.39"]
[Result "1-0"]
[White "Tatiana Kosintseva"]
[Black "Ivan Akimov"]
[WhiteElo "2449"]
[BlackElo "2365"]
[PlyCount "67"]

1.e4 e5 2.Nf3 Nf6 3.Ne5 d6 4.Nc4 Ne4 5.Qe2 Qe7 6.Ne3 c6 7.c4
g6 8.d3 Nc5 9.Bd2 Bg7 10.Bc3 Bc3+ 11.Nc3 Nbd7 12.O-O-O Nf6
13.d4 Na6 14.Qf3 Nc7 15.Bd3 O-O 16.h4 d5 17.cd5 Ncd5 18.Ncd5
cd5 19.Kb1 Be6 20.h5 Rad8 21.g4 Rd6 22.g5 Ne4 23.Be4 de4
24.Qf4 Rb6 25.Rd2 Qb4 26.Rhd1 Rc8 27.d5 Bd7 28.h6 Re8 29.d6
Qb5 30.Nd5 Bf5 31.Qe3 Rd6 32.Ne7+ Re7 33.Rd6 Be6 34.Qd4 1-0

[Event "4th IECC, Women"]
[Site "Istanbul, Turkey"]
[Date "2003.06.04"]
[EventDate "2003.06.02"]
[Round "3"]
[Result "1/2-1/2"]
[White "Tatiana Kosintseva"]
[Black "Maia Lomineishvili"]
[WhiteElo "2457"]
[BlackElo "2397"]
[PlyCount "165"]

1. e4 c6 2. d4 d5 3. exd5 cxd5 4. c4 Nf6 5. Nc3 e6 6. Nf3 Bb4
7. Bd3 dxc4 8. Bxc4 O-O 9. O-O b6 10. Bg5 Bb7 11. Rc1 Nc6
12. a3 Be7 13. b4 Rc8 14. Qd3 Nd5 15. Be3 Nxc3 16. Rxc3 Bf6
17. Rfc1 Qd6 18. Ba6 Bxa6 19. Qxa6 Rc7 20. Qa4 Rfc8 21. g3 Kf8
22. Bf4 e5 23. dxe5 Nxe5 24. Nxe5 Bxe5 25. Rxc7 Rxc7 26. Rd1
Bxf4 27. Rxd6 Bxd6 28. Qd1 Be7 29. Qd5 Kg8 30. Qe5 Rd7 31. h4
Bf8 32. Kg2 Rd3 33. a4 Bxb4 34. Qb8+ Bf8 35. Qxa7 Rb3 36. h5
Rb2 37. Kh3 h6 38. f4 Rb4 39. Kg4 Rb3 40. Kf5 Rb4 41. Qd7 Rc4
42. g4 Rc5+ 43. Ke4 Rc4+ 44. Kf3 Rc3+ 45. Kg2 Rc2+ 46. Kg3
Rc3+ 47. Kh4 Rc4 48. Kg3 Rc3+ 49. Kg2 Rc2+ 50. Kf3 Rc3+
51. Ke2 Rc4 52. Ke3 Rc3+ 53. Kd4 Rc5 54. Qe8 Ra5 55. Kc4 Rc5+
56. Kb3 Rc1 57. g5 Rb1+ 58. Kc2 Rb4 59. Qb8 Rxa4 60. g6 Ra5
61. Qb7 Rf5 62. Qe4 Rc5+ 63. Kd3 Rxh5 64. f5 Rh3+ 65. Kc4 fxg6
66. Qe6+ Kh8 67. Qf7 Rh4+ 68. Kd3 Rh3+ 69. Ke2 Rh2+ 70. Kf3
gxf5 71. Qxf8+ Kh7 72. Qxf5+ Kh8 73. Qe5 Rh1 74. Kg2 Rc1
75. Qb8+ Kh7 76. Qxb6 Rc8 77. Qd6 Rc1 78. Qd3+ Kh8 79. Qe4 Ra1
80. Qd5 Rc1 81. Kg3 Rg1+ 82. Kh4 Rg5 83. Qd8+ 1/2-1/2

[Event "4th IECC, Women"]
[Site "Istanbul, Turkey"]
[Date "2003.06.05"]
[EventDate "2003.06.02"]
[Round "4"]
[Result "1/2-1/2"]
[White "Monika (Bobrowska) Socko"]
[Black "Tatiana Kosintseva"]
[WhiteElo "2381"]
[BlackElo "2457"]
[PlyCount "99"]

1. d4 f5 2. c4 Nf6 3. g3 g6 4. Bg2 Bg7 5. Nh3 Nc6 6. Nc3 O-O
7. O-O d6 8. d5 Ne5 9. b3 c5 10. Bd2 Ne8 11. Qc2 Nc7 12. Ng5
Rb8 13. a4 b6 14. f4 Nf7 15. Nxf7 Rxf7 16. Rae1 a6 17. e4 e5
18. fxe5 Bxe5 19. Bf4 Qf6 20. Bxe5 Qxe5 21. Kh1 Bd7 22. Qc1
Qg7 23. Re2 Re8 24. Ref2 Rfe7 25. Re2 b5 26. Rfe1 b4 27. Nd1
fxe4 28. Rxe4 Rxe4 29. Rxe4 Rxe4 30. Bxe4 Qd4 31. Qc2 Ne8
32. Nf2 Nf6 33. Kg2 a5 34. Qe2 Kf7 35. Qf3 Ke7 36. Qe2 Kd8
37. Qf3 Kc7 38. Bc2 Qb2 39. Qe2 Kd8 40. Bd1 Qa1 41. Qe3 Bf5
42. Qf4 Kc7 43. g4 Bc8 44. Bf3 Qb2 45. Kg3 Qc3 46. Kg2 Qb2
47. Kg3 Qc3 48. Kg2 Qb2 49. Kg3 Qc3 50. Kg2 1/2-1/2

[Event "4th IECC, Women"]
[Site "Istanbul, Turkey"]
[Date "2003.06.08"]
[EventDate "2003.06.02"]
[Round "6"]
[Result "1-0"]
[White "Viktorija Cmilyte"]
[Black "Tatiana Kosintseva"]
[WhiteElo "2430"]
[BlackElo "2457"]
[PlyCount "81"]

1. d4 f5 2. g3 Nf6 3. Bg2 g6 4. b3 Bg7 5. Bb2 O-O 6. Nf3 d6
7. O-O Qe8 8. c4 Na6 9. Qc2 h6 10. Nbd2 c6 11. Rae1 g5 12. e4
Nb4 13. Qc3 a5 14. a3 Nxe4 15. Nxe4 fxe4 16. Rxe4 Bf5 17. Rfe1
Bxe4 18. Rxe4 Na6 19. Qe1 Qg6 20. h4 g4 21. h5 Qxh5 22. Nh2
Rae8 23. Rxg4 e5 24. dxe5 dxe5 25. Be4 Re6 26. Bc2 Nc5 27. b4
axb4 28. axb4 Nd7 29. c5 Kh8 30. Rh4 Qe8 31. Ng4 e4 32. Qa1
Ne5 33. Nxe5 Bxe5 34. Bxe5+ Rxe5 35. Rxe4 Rff5 36. Re3 Kg8
37. Bxf5 Rxe3 38. Qa2+ Kg7 39. fxe3 Qxe3+ 40. Qf2 Qc3 41. Be6
1-0

[Event "4th IECC, Women"]
[Site "Istanbul, Turkey"]
[Date "2003.06.11"]
[EventDate "2003.06.02"]
[Round "8"]
[Result "0-1"]
[White "Almira Skripchenko"]
[Black "Tatiana Kosintseva"]
[WhiteElo "2501"]
[BlackElo "2457"]
[PlyCount "77"]

1. e4 c5 2. b3 d6 3. Bb2 Nf6 4. Nc3 g6 5. f4 Bg7 6. Nf3 Nxe4
7. Bb5+ Bd7 8. Qe2 Nxc3 9. Bxc3 O-O 10. Bxd7 Qxd7 11. Bxg7
Kxg7 12. h4 h5 13. O-O-O Nc6 14. c3 Rae8 15. g4 hxg4 16. Ng5
Rh8 17. Rdg1 f5 18. Ne6+ Kf6 19. Re1 Nd8 20. Ng5 e5 21. Qf2
Nf7 22. d4 cxd4 23. cxd4 exf4 24. Qxf4 Rxh4 25. Nxf7 Rxh1
26. Rxh1 Qc6+ 27. Kb2 Qxh1 28. Nxd6 Re2+ 29. Ka3 Qb1 30. Nc4
Rxa2+ 31. Kb4 Qe1+ 32. Kb5 Qe8+ 33. Kb4 Qe7+ 34. Kb5 b6
35. Qb8 Kg5 36. Ne5 Ra5+ 37. Kc4 Rxe5 38. dxe5 g3 39. Kd4 0-1

[Event "4th IECC, Women"]
[Site "Istanbul, Turkey"]
[Date "2003.06.14"]
[EventDate "2003.06.02"]
[Round "11"]
[Result "1-0"]
[White "Pia Cramling"]
[Black "Tatiana Kosintseva"]
[WhiteElo "2470"]
[BlackElo "2457"]
[PlyCount "75"]

1. d4 f5 2. g3 Nf6 3. Bg2 g6 4. b3 Bg7 5. Bb2 O-O 6. Nf3 d6
7. O-O Qe8 8. c4 Na6 9. Qc2 h6 10. Nbd2 c6 11. a3 g5 12. e3
Nc7 13. b4 a6 14. a4 Bd7 15. Ne1 e5 16. dxe5 dxe5 17. Nd3 e4
18. Nc5 Bc8 19. a5 Ne6 20. Ndb3 Qf7 21. Rad1 Nxc5 22. Nxc5 Be6
23. Rd6 Rfe8 24. Rfd1 Re7 25. Bf1 Ne8 26. Rd8 Rxd8 27. Rxd8
Kh7 28. Bxg7 Nxg7 29. Qc3 Re8 30. Rxe8 Nxe8 31. Qe5 Bc8 32. g4
fxg4 33. Nxe4 Be6 34. Bd3 Kg8 35. Qb8 Kg7 36. Nc5 Kf6 37. Nxb7
Nc7 38. Nd6 1-0

[Event "FIDE Women's World Championship"]
[Site "Elista RUS"]
[Date "2004.05.25"]
[EventDate "2004.05.22"]
[Round "2.2"]
[Result "1-0"]
[White "Tatiana Kosintseva"]
[Black "Hoang Thanh Trang"]
[WhiteElo "2451"]
[BlackElo "2447"]
[PlyCount "141"]

1. e4 e6 2. d4 d5 3. Nc3 Nf6 4. Bg5 Bb4 5. e5 h6 6. Bh4 g5
7. Bg3 Ne4 8. Nge2 c5 9. a3 Bxc3+ 10. Nxc3 Qa5 11. Qd3 Nc6
12. dxc5 Bd7 13. O-O-O Nxc3 14. Qxc3 Qxc3 15. bxc3 Rc8 16. h4
Ke7 17. f3 a6 18. Bd3 Na5 19. Bf2 Nc4 20. c6 Bxc6 21. hxg5 h5
22. g4 h4 23. Bxh4 Nxe5 24. g6+ f6 25. g5 f5 26. g7 Rhg8
27. g6+ Kd7 28. Bf6 Kd6 29. f4 Nxg6 30. Rdf1 Be8 31. Kd2 Bf7
32. Ke3 Rce8 33. Rh6 Ne7 34. a4 Nc6 35. Rb1 Kc7 36. Kf2 Nb8
37. Be5+ Kc8 38. Bd4 Nd7 39. Rg1 Kd8 40. Rh8 Ke7 41. Rb1 Rb8
42. Rxg8 Bxg8 43. Ba7 Ra8 44. Rxb7 Kd6 45. Bd4 Kc6 46. Rb1 Nc5
47. Bxc5 Kxc5 48. a5 Ra7 49. Bxa6 Rxg7 50. Bb7 Rg4 51. Rb4 d4
52. a6 dxc3 53. a7 Kxb4 54. a8=Q Rxf4+ 55. Bf3 Rd4 56. Qb8+
Kc5 57. Qc7+ Kb4 58. Qb6+ Kc4 59. Qb3+ Kc5 60. Qxc3+ Rc4
61. Qa5+ Kd4 62. Qd8+ Ke5 63. Qxg8 Rxc2+ 64. Be2 Rc5 65. Qg7+
Kd6 66. Qf8+ Kd5 67. Bf3+ Kc4 68. Qd6 Ra5 69. Be2+ Kc3
70. Qc7+ Kb4 71. Qb6+ 1-0

[Event "Accentus Turnier Biel"]
[Site "Biel SUI"]
[Date "2004.07.19"]
[EventDate "2004.07.19"]
[Round "1"]
[Result "1-0"]
[White "Eva Repkova"]
[Black "Tatiana Kosintseva"]
[WhiteElo "2411"]
[BlackElo "2462"]
[PlyCount "83"]

1. e4 c5 2. b3 d6 3. Bb2 Nf6 4. Nc3 g6 5. f4 Bg7 6. Bb5+ Nc6
7. Qf3 Bd7 8. Nge2 O-O 9. Bxc6 Bxc6 10. d3 d5 11. O-O-O a5
12. g4 d4 13. Nb1 e6 14. g5 Nd7 15. h4 f5 16. h5 fxe4 17. dxe4
Qxg5 18. Qh3 Qf6 19. Nd2 Kf7 20. Nc4 Ke7 21. e5 Qf5 22. Qh4+
g5 23. fxg5 Nxe5 24. Nxd4 cxd4 25. Ba3+ Kd7 26. Qxd4+ Bd5
27. Nb6+ Kc7 28. Qc5+ Bc6 29. Nxa8+ Rxa8 30. Qe7+ Kb6 31. Rhf1
Nd3+ 32. cxd3 Qe5 33. d4 Qe3+ 34. Rd2 Bxd4 35. Qd6 Bc3
36. Bc5+ Qxc5 37. Qxc5+ Kxc5 38. Rc2 Kd4 39. Rd1+ Ke5 40. Rxc3
Be4 41. Re1 Kf4 42. Rc4 1-0

[Event "Accentus Turnier Biel"]
[Site "Biel SUI"]
[Date "2004.07.21"]
[EventDate "2004.07.21"]
[Round "3"]
[Result "1/2-1/2"]
[White "Elisabeth Paehtz"]
[Black "Tatiana Kosintseva"]
[WhiteElo "2396"]
[BlackElo "2462"]
[PlyCount "117"]

1. e4 c5 2. Nf3 d6 3. d4 cxd4 4. Nxd4 a6 5. Be3 Nf6 6. Nc3 e5
7. Nb3 Be6 8. f3 Be7 9. Qd2 O-O 10. O-O-O Qc7 11. g4 Rc8
12. g5 Nh5 13. Nd5 Bxd5 14. exd5 a5 15. Bh3 a4 16. Nc5 Rd8
17. Ne4 Na6 18. Kb1 a3 19. b3 Nf4 20. Bg4 b6 21. h4 Nc5
22. Bxc5 bxc5 23. c4 Rf8 24. Rdg1 Kh8 25. h5 Qa5 26. Qc2 h6
27. gxh6 gxh6 28. Bf5 Rg8 29. Rg4 Rxg4 30. fxg4 Qd8 31. Rh2
Bg5 32. Qc3 Kg7 33. Rf2 f6 34. Rh2 Qb6 35. Qc2 Kf8 36. Rh1 Ke7
37. Rf1 Qb4 38. Be6 Rh8 39. Nc3 Kd8 40. Nb5 Ke7 41. Na7 Kf8
42. Nc6 Qb6 43. Rxf4 exf4 44. Qg6 Qc7 45. Nb8 Qh7 46. Nd7+ Ke7
47. Kc2 Kd8 48. Nb8 Kc7 49. Nc6 Kb6 50. Bf7 Kc7 51. Kd1 f5
52. gxf5 Qxg6 53. fxg6 Bf6 54. Ke2 Ra8 55. Be6 Ra6 56. Bf5 Rb6
57. Bc2 Rxc6 58. dxc6 Kxc6 59. Be4+ 1/2-1/2

[Event "Accentus Turnier Biel"]
[Site "Biel SUI"]
[Date "2004.07.22"]
[EventDate "2004.07.22"]
[Round "4"]
[Result "1/2-1/2"]
[White "Tatiana Kosintseva"]
[Black "Iweta Radziewicz Rajlich"]
[WhiteElo "2462"]
[BlackElo "2431"]
[PlyCount "86"]

1. e4 e6 2. d4 d5 3. Nc3 Bb4 4. e5 c5 5. a3 Ba5 6. b4 cxd4
7. Nb5 Bc7 8. f4 Ne7 9. Nf3 Bd7 10. Bd3 Bxb5 11. Bxb5+ Nbc6
12. O-O Nf5 13. Qe2 Bb6 14. Bd3 Nce7 15. Kh1 a6 16. Bb2 Ne3
17. Rg1 Rc8 18. Bxd4 N3f5 19. Bxb6 Qxb6 20. g4 Ne3 21. Rae1 d4
22. Nxd4 Nxg4 23. Qxg4 Qxd4 24. Qxg7 Rg8 25. Qxh7 Rxg1+
26. Rxg1 Qxf4 27. Qh5 Qd4 28. Rd1 Qd5+ 29. Kg1 Qd4+ 30. Kg2
Qd5+ 31. Kf1 Nc6 32. Bxa6 Nd4 33. c4 Qh1+ 34. Kf2 Qe4 35. Bxb7
Qf4+ 36. Kg1 Ke7 37. Bxc8 Qe3+ 38. Kf1 Qf4+ 39. Kg2 Qe4+
40. Kf2 Qf4+ 41. Kg2 Qe4+ 42. Kg3 Qe3+ 43. Kg2 Qe4+ 1/2-1/2

[Event "Accentus Turnier Biel"]
[Site "Biel SUI"]
[Date "2004.07.23"]
[EventDate "2004.07.23"]
[Round "5"]
[Result "0-1"]
[White "Monika Seps"]
[Black "Tatiana Kosintseva"]
[WhiteElo "2095"]
[BlackElo "2462"]
[PlyCount "72"]

1. e4 c5 2. Nf3 d6 3. d4 cxd4 4. Nxd4 a6 5. Be2 Nf6 6. Nc3 g6
7. h4 h5 8. Be3 Bg7 9. f3 b5 10. Qd2 Bb7 11. O-O-O Nbd7
12. Bd3 Rc8 13. Kb1 Ne5 14. Nde2 O-O 15. Bh6 b4 16. Bxg7 Kxg7
17. Nd5 Nxd5 18. exd5 Bxd5 19. Nf4 Bc4 20. Bxc4 Rxc4 21. g4
Nxf3 22. Qe3 e5 23. Nxh5+ gxh5 24. Qxf3 hxg4 25. Qe2 Qc7
26. b3 Rf4 27. Rhf1 f5 28. Rxf4 exf4 29. Rd5 f3 30. Qd2 Qe7
31. Rxd6 Qxh4 32. Qd4+ Rf6 33. Rd7+ Kg6 34. Qd5 Qe1+ 35. Kb2
Qe6 36. Qd2 f2 0-1

[Event "Accentus Turnier Biel"]
[Site "Biel SUI"]
[Date "2004.07.25"]
[EventDate "2004.07.25"]
[Round "6"]
[Result "1-0"]
[White "Tatiana Kosintseva"]
[Black "Eva Repkova"]
[WhiteElo "2462"]
[BlackElo "2411"]
[PlyCount "75"]

1. e4 d5 2. exd5 Qxd5 3. Nc3 Qa5 4. d4 c6 5. Nf3 Nf6 6. Bc4
Bf5 7. Bd2 e6 8. Qe2 Bb4 9. O-O-O Nbd7 10. a3 Bxc3 11. Bxc3
Qc7 12. Ne5 Nxe5 13. dxe5 Nd5 14. Bd4 Qa5 15. g4 Bg6 16. Rhf1
h5 17. h3 hxg4 18. hxg4 Rh2 19. Qd2 Qxd2+ 20. Rxd2 Nb6 21. Bb3
O-O-O 22. a4 Nd7 23. Bxa7 Rdh8 24. Bd4 Be4 25. f3 Rxd2
26. Kxd2 Rh2+ 27. Kc1 Bg6 28. f4 Be4 29. f5 c5 30. fxe6 fxe6
31. Bc3 c4 32. Bxc4 Rxc2+ 33. Kd1 Nc5 34. a5 Rg2 35. Rf8+ Kd7
36. Bb4 Nd3 37. Bb5+ Bc6 38. Bxd3 1-0

[Event "Accentus Turnier Biel"]
[Site "Biel SUI"]
[Date "2004.07.27"]
[EventDate "2004.07.27"]
[Round "8"]
[Result "1-0"]
[White "Tatiana Kosintseva"]
[Black "Elisabeth Paehtz"]
[WhiteElo "2462"]
[BlackElo "2396"]
[PlyCount "66"]

1. e4 c5 2. Nc3 d6 3. f4 a6 4. g3 b5 5. Bg2 Bb7 6. d3 g6
7. Nf3 Bg7 8. O-O b4 9. Nd5 Nd7 10. f5 Ngf6 11. Ne3 Qc7 12. g4
Nb6 13. Qe1 a5 14. g5 Nfd7 15. Ng4 O-O-O 16. a3 Bc6 17. axb4
axb4 18. c3 bxc3 19. bxc3 Kb7 20. d4 Ra8 21. Rb1 Kc8 22. Bf4
Ra3 23. f6 Bf8 24. e5 e6 25. exd6 Bxd6 26. Bxd6 Qxd6 27. Nge5
Rf8 28. Nxc6 Qxc6 29. Ne5 Qc7 30. Ra1 Rxa1 31. Qxa1 Nxe5
32. dxe5 Nd5 33. Qa8+ Kd7 1-0

[Event "Accentus Turnier Biel"]
[Site "Biel SUI"]
[Date "2004.07.28"]
[EventDate "2004.07.28"]
[Round "9"]
[Result "1-0"]
[White "Tatiana Kosintseva"]
[Black "Monika Seps"]
[WhiteElo "2462"]
[BlackElo "2095"]
[PlyCount "71"]

1. e4 c5 2. c3 e6 3. d4 d5 4. exd5 exd5 5. Nf3 Nc6 6. Bb5 Bd6
7. dxc5 Bxc5 8. O-O Nge7 9. Nbd2 O-O 10. Nb3 Bb6 11. Re1 Nf5
12. Bd3 h6 13. Bf4 Nce7 14. Qd2 Bc7 15. Bxc7 Qxc7 16. Nbd4 Nd6
17. Qf4 Nc6 18. Rad1 Rd8 19. Bc2 Bd7 20. Nxc6 Bxc6 21. Nd4 Rd7
22. Qe5 Kf8 23. Nf5 Nxf5 24. Qxf5 g6 25. Qf6 Kg8 26. Re3 Qd8
27. Qd4 Qf8 28. h4 h5 29. Rde1 b6 30. Re5 Rad8 31. R1e3 Qg7
32. f4 f5 33. Rg3 Rd6 34. Bxf5 Be8 35. Be6+ Kf8 36. Rf5+ 1-0

[Event "Accentus Turnier Biel"]
[Site "Biel SUI"]
[Date "2004.07.29"]
[EventDate "2004.07.29"]
[Round "10"]
[Result "1/2-1/2"]
[White "Iweta Radziewicz Rajlich"]
[Black "Tatiana Kosintseva"]
[WhiteElo "2431"]
[BlackElo "2462"]
[PlyCount "105"]

1. d4 Nf6 2. c4 e6 3. Nc3 Bb4 4. e3 c5 5. Bd3 d5 6. Nge2 Nc6
7. O-O dxc4 8. Bxc4 cxd4 9. exd4 O-O 10. a3 Be7 11. b4 b6
12. Bb2 Bb7 13. Qb3 Bd6 14. f4 Ne7 15. Ng3 Ned5 16. Nce2 Ng4
17. Bc1 Rc8 18. Bd3 f5 19. h3 Ngf6 20. Bd2 Qd7 21. Rae1 Kh8
22. Nc1 Nc7 23. Qd1 Bd5 24. Nce2 Nb5 25. Qa1 Bb8 26. a4 Nd6
27. Nc3 Bc4 28. Qb1 Nd5 29. b5 Bxd3 30. Qxd3 Nc4 31. Nxd5 Qxd5
32. Bc1 Bd6 33. Kh1 Bb4 34. Re2 Rfd8 35. Rd1 Bc5 36. Rde1 Qxd4
37. Qxd4 Bxd4 38. Kh2 Bc3 39. Rf1 Re8 40. Rd1 Bf6 41. Nh5 Rc7
42. g4 fxg4 43. hxg4 h6 44. Kg2 Kg8 45. f5 Kf7 46. Rde1 Rce7
47. Nxf6 Kxf6 48. Rc2 Rc8 49. Kg3 e5 50. Bb2 Rc5 51. Ba1 Rd7
52. Kh4 Rd3 53. Re4 1/2-1/2

[Event "RUS Cup Qualifier 5"]
[Site "chessassistantclub.com INT"]
[Date "2004.12.24"]
[EventDate "?"]
[Round "?"]
[Result "0-1"]
[White "Tatiana Kosintseva"]
[Black "Natalia Pogonina"]
[WhiteElo "2536"]
[BlackElo "2501"]
[PlyCount "74"]

1.e4 e6 2.d4 d5 3.Nc3 Nf6 4.e5 Nfd7 5.f4 c5 6.Nf3 Nc6 7.Ne2
cxd4 8.Nexd4 Nc5 9.Be3 Be7 10.Be2 O-O 11.O-O Bd7 12.c3 Ne4
13.Bd3 f5 14.exf6 gxf6 15.f5 e5 16.Ne6 Bxe6 17.fxe6 f5 18.Qe2
Qd6 19.c4 d4 20.Bh6 Rf6 21.Bc1 Nc5 22.Bg5 Nxd3 23.Qxd3 e4
24.Qd1 Rxe6 25.Bxe7 Rxe7 26.Nh4 Re5 27.Nxf5 Qg6 28.Ng3 Rae8
29.b4 d3 30.c5 e3 31.Qb3+ Kh8 32.Rae1 e2 33.Rf2 Nd4 34.Qc3 Nc2
35.Rexe2 dxe2 36.Rxe2 Qg7 37.Nh5 Qg5 0-1

[Event "6th European Individual Women's Championship"]
[Site "Chisinau MDA"]
[Date "2005.06.20"]
[EventDate "2005.06.11"]
[Round "9"]
[Result "0-1"]
[White "Oksana Vozovic"]
[Black "Tatiana Kosintseva"]
[WhiteElo "2288"]
[BlackElo "2486"]
[PlyCount "68"]

1. e4 c5 2. Nf3 Nc6 3. Nc3 d6 4. Bb5 e5 5. d3 Nge7 6. O-O Bg4
7. h3 Bh5 8. Ne2 Bxf3 9. gxf3 g6 10. f4 Bg7 11. fxe5 dxe5
12. Bg5 Rc8 13. f4 exf4 14. c3 O-O 15. Bxf4 a6 16. Ba4 Qd7
17. Kh2 Rcd8 18. Bc2 Ne5 19. d4 cxd4 20. cxd4 Nc4 21. Bb3 Nd6
22. Nc3 Nc6 23. d5 Ne5 24. Rf2 b5 25. Qe2 Rde8 26. Raf1 f5
27. exf5 Rxf5 28. Kg2 Rh5 29. Rh1 Nf5 30. d6+ Kh8 31. Bxe5
Rxe5 32. Qd2 Bh6 33. Qd3 Re3 34. Qb1 Rg5+ 0-1

[Event "15th European Team Championship (Women)"]
[Site "Gothenburg SWE"]
[Date "2005.07.31"]
[EventDate "2005.07.30"]
[Round "2"]
[Result "1/2-1/2"]
[White "Svetlana Prudnikova"]
[Black "Tatiana Kosintseva"]
[WhiteElo "2370"]
[BlackElo "2477"]
[PlyCount "61"]

1. e4 c5 2. Nf3 d6 3. d4 cxd4 4. Nxd4 Nf6 5. f3 Nc6 6. c4 Qb6
7. Nc2 g6 8. Nc3 Bg7 9. Rb1 Ng4 10. Qd2 Bh6 11. f4 e5 12. Nd5
Qd8 13. Be2 exf4 14. Qc3 Nce5 15. Bxf4 Bxf4 16. Nxf4 Nf6
17. Qd4 O-O 18. O-O Qb6 19. Nd5 Nxd5 20. cxd5 f5 21. Qxb6 axb6
22. Nb4 fxe4 23. Rxf8+ Kxf8 24. Rf1+ Kg7 25. Rf4 Bd7 26. Rxe4
Rc8 27. Kf2 Rc1 28. h3 Rb1 29. b3 Rb2 30. Re3 Kf6 31. Ke1
1/2-1/2

[Event "15th European Team Championship (Women)"]
[Site "Gothenburg SWE"]
[Date "2005.08.01"]
[EventDate "2005.07.30"]
[Round "3"]
[Result "1-0"]
[White "Tatiana Kosintseva"]
[Black "Marina Makropoulou"]
[WhiteElo "2477"]
[BlackElo "2287"]
[PlyCount "79"]

1. e4 e5 2. Nf3 Nc6 3. Nc3 Nf6 4. Bb5 Bd6 5. d3 h6 6. h3 a6
7. Ba4 b5 8. Bb3 Na5 9. Be3 Nxb3 10. axb3 Bb7 11. Ne2 Nh5
12. g4 Nf4 13. Bxf4 exf4 14. Qd2 O-O 15. h4 Re8 16. Rh3 c5
17. g5 h5 18. Nxf4 c4 19. Nxh5 cxd3 20. cxd3 Qe7 21. Kf1 Qe6
22. Ng1 Rac8 23. Rf3 Be5 24. Re1 Qg4 25. Ng3 d5 26. exd5 Bxd5
27. Rfe3 Qd4 28. Qe2 f6 29. gxf6 gxf6 30. Nf5 Qf4 31. Qh5 Kf8
32. Rg3 Rc2 33. Nh3 Qd2 34. Qh8+ Kf7 35. Nh6+ Ke7 36. Rxe5+
fxe5 37. Qxe5+ Kd8 38. Qxd5+ Kc8 39. Qa8+ Kd7 40. Rg7+ 1-0

[Event "15th European Team Championship (Women)"]
[Site "Gothenburg SWE"]
[Date "2005.08.03"]
[EventDate "2005.07.30"]
[Round "5"]
[Result "0-1"]
[White "Roza (Te) Lallemand"]
[Black "Tatiana Kosintseva"]
[WhiteElo "2287"]
[BlackElo "2477"]
[PlyCount "42"]

1. e4 c5 2. Nf3 d6 3. d4 cxd4 4. Qxd4 a6 5. c4 Nc6 6. Qd2 Nf6
7. Nc3 e6 8. Be2 Be7 9. O-O O-O 10. b3 Qc7 11. Bb2 Bd7
12. Rad1 Rfd8 13. Nd4 Be8 14. Rc1 Rac8 15. Kh1 Qb8 16. a4 Nd7
17. Ba3 Nxd4 18. Qxd4 Nc5 19. Bd1 Bg5 20. Rb1 e5 21. Qd5 Bc6
0-1

[Event "15th European Team Championship (Women)"]
[Site "Gothenburg SWE"]
[Date "2005.08.04"]
[EventDate "2005.07.30"]
[Round "6"]
[Result "0-1"]
[White "Joanna Dworakowska"]
[Black "Tatiana Kosintseva"]
[WhiteElo "2401"]
[BlackElo "2477"]
[PlyCount "132"]

1. e4 c5 2. Nf3 d6 3. d4 cxd4 4. Nxd4 Nf6 5. Nc3 Nc6 6. Bg5 e6
7. Qd2 a6 8. O-O-O Bd7 9. f4 b5 10. Bxf6 gxf6 11. Kb1 b4
12. Nce2 Qb6 13. Nxc6 Bxc6 14. f5 e5 15. Ng3 h5 16. h4 Qc5
17. Bd3 Bh6 18. Qe2 Qe3 19. Rh3 Qxe2 20. Bxe2 Ke7 21. Bf3 Rac8
22. Nxh5 Ba4 23. b3 Bb5 24. g4 Rc3 25. Nxf6 Kxf6 26. g5+ Ke7
27. f6+ Kd8 28. gxh6 Rxh6 29. Rxd6+ Kc7 30. Rd2 Bf1 31. Rg3
Rxf6 32. Rf2 Bb5 33. h5 Bc6 34. Rh3 Bxe4 35. Bxe4 Rxf2 36. Rh1
Kd6 37. h6 Rc8 38. h7 Rh8 39. Rh6+ Ke7 40. Rxa6 Rf4 41. Ra7+
Kf6 42. Bd3 e4 43. Bc4 Rxh7 44. Rb7 Ke5 45. Rxb4 f5 46. a4 Rf2
47. a5 Rh1+ 48. Kb2 Rhh2 49. Rb5+ Kd4 50. Rd5+ Ke3 51. Ka3 f4
52. c3 Ra2+ 53. Kb4 f3 54. a6 f2 55. Rd1 Kf3 56. Rd7 e3
57. Rf7+ Ke4 58. a7 Rh5 59. Bf1 Rf5 60. Re7+ Kf3 61. Bd3 Rf8
62. Kb5 e2 63. Bxe2+ Rxe2 64. Rf7+ Rxf7 65. a8=Q+ Re4 66. Qa1
Kg2 0-1